| 000 | 00636nam a2200193 4500 | ||
|---|---|---|---|
| 001 | 143314 | ||
| 003 | ES-MaACL | ||
| 005 | 20240418104249.0 | ||
| 007 | t| | ||
| 008 | 070214s1983 sp r ||||1| spa d | ||
| 100 | 1 |
_aSender, Ramón J., _d1901-1982 _9105441 |
|
| 245 | 1 | 0 |
_aIn memoriam _b: antología crítica / _cRamón J. Sender ; edición al cuidado de José-Carlos Mainer. |
| 250 | _a1ª. ed. | ||
| 260 |
_aZaragoza : _bInstitución Fernando el Católico, _c1983. |
||
| 300 |
_a499 p. ; _c23 cm. |
||
| 700 | 1 |
_aMainer, José-Carlos, _d1944- _975599 |
|
| 852 |
_aES-MaACL _jL-6367 _bR.107005 |
||
| 999 |
_c143314 _d143314 |
||